000 00751nam a2200229 i 4500
001 100232
003 ES-MaACL
005 20250331063054.0
007 t|
008 050923s1967 sp ||||1| spa d
080 _a308(44)"18"
100 1 _aMarx, Karl,
_d1818-1883
_978590
245 1 4 _aLas luchas de clases en Francia :
_b(1848 a 1850) /
_cKarl Marx ; introducción y notas de Federico Engels ; traducción y notas, I.M.L.
260 _aMadrid :
_bCiencia Nueva,
_c1967.
300 _a236 p. ;
_c18 cm.
490 1 _aLos clásicos ;
_v8
651 4 _aFrancia-
_xSituación social-
_yS.XIX.
_9169451
700 1 _aEngels, Friedrich.
_947225
830 1 _aLos clásicos ;
_v8
_9184368
852 4 _aES-MaACL
_jC-33878
999 _c100232
_d100232